书目信息 |
| 题名: |
dBASE语言编程技巧集锦
|
|
| 作者: | ;计算机世界编辑部 编辑 | |
| 分册: | ||
| 出版信息: | 北京 电子工业出版社 1991.6 |
|
| 页数: | 420页 | |
| 开本: | 19cm | |
| 丛书名: | 计算机世界丛书 | |
| 单 册: | ||
| 中图分类: | TP392 , TP311.11 | |
| 科图分类: | ||
| 主题词: | 数据库管理系统,dBASE-程序设计 , 程序设计-数据库管理系统,dBASE , 软件 | |
| 电子资源: | ||
| ISBN: | 7-5053-1309-6 | |
| 000 | 01060nam2 2200289 45 | |
| 001 | 0192005739 | |
| 005 | 20061122145924.57 | |
| 010 | @a7-5053-1309-6@dCNY6.50 | |
| 100 | @a19920318d1991 em y0chiy0121 ea | |
| 101 | 0 | @achi |
| 102 | @aCN@b110000 | |
| 105 | @ay z 000yy | |
| 200 | 10 | @adBASE语言编程技巧集锦@AdBASE YU YAN BIAN CHENG JI QIAO JI JIN@f《计算机世界》编辑部编辑@F《 JI SUAN JI SHI JIE 》 BIAN JI BU BIAN JI |
| 210 | @a北京@c电子工业出版社@d1991.6 | |
| 215 | @a420页@d19cm | |
| 225 | 2 | @a计算机世界丛书 |
| 330 | @a本书内容涉及输入输出技术、检索技术、dBASE命令的使用、dBASE与其它高级语言的通讯、dBASE编译技巧以及dBASE安全加密等九部分。 | |
| 410 | 0 | @120010@a计算机世界丛书 |
| 540 | 1 | @adBASE语言 编程 技巧@AdBASE YU YAN BIAN CHENG JI QIAO |
| 606 | @a数据库管理系统,dBASE-程序设计 | |
| 606 | @a程序设计-数据库管理系统,dBASE | |
| 606 | 0 | @a软件 |
| 690 | @aTP392@v三版 | |
| 690 | @aTP311.11@v3 | |
| 711 | 02 | @a计算机世界编辑部@AJI SUAN JI SHI JIE BIAN JI BU@4编辑 |
| 801 | 0 | @aCN@bTSSF@c20061122 |
| 905 | @a10447@dTP311.11@e179 | |
| dBASE语言编程技巧集锦/《计算机世界》编辑部编辑.-北京:电子工业出版社,1991.6 |
| 420页;19cm.-(计算机世界丛书) |
| ISBN 7-5053-1309-6:CNY6.50 |
| 本书内容涉及输入输出技术、检索技术、dBASE命令的使用、dBASE与其它高级语言的通讯、dBASE编译技巧以及dBASE安全加密等九部分。 |
| ● |
| 相关链接 |
|
|
|
|
正题名:dBASE语言编程技巧集锦
索取号:TP311.11/179
 
预约/预借
| 序号 | 登录号 | 条形码 | 馆藏地/架位号 | 状态 | 备注 |
| 1 | 0258496 | 001337397 | 第二样本阅览室/ [索取号:TP311.11/179] | 在馆 |